Draft. A: premiere esquisse de l'essai philosophique concernant l'entendement humain
Guardat en:
| Autor principal: | |
|---|---|
| Format: | Llibre |
| Idioma: | francès |
| Publicat: |
París
Librairie Philosophique J. Vrin
1974
|
| Edició: | 1a. ed |
| Col·lecció: | Bibliotheque des Textes Philosophiques
|
| Matèries: | |
| Etiquetes: |
Afegir etiqueta
Sense etiquetes, Sigues el primer a etiquetar aquest registre!
|
MARC
| LEADER | 00000cam a2200000 a 4500 | ||
|---|---|---|---|
| 001 | UCE2872 | ||
| 003 | CL-VaPUC | ||
| 008 | 140731e19740000fr |||||||||||||||||fre|d | ||
| 082 | 0 | 4 | |a 121 |b LOC |2 21 |
| 100 | |a Locke, John |e autor |9 258383 | ||
| 245 | 1 | 0 | |a Draft. A: premiere esquisse de l'essai philosophique concernant l'entendement humain |
| 250 | |a 1a. ed | ||
| 300 | |a 158 p | ||
| 942 | |c BK | ||
| 945 | |d 20140731 15:45:00 |a dcastane | ||
| 260 | |a París |b Librairie Philosophique J. Vrin |c 1974 | ||
| 650 | 0 | |a Teoría del conocimiento |9 255038 | |
| 650 | 0 | |a Empirismo |9 255037 | |
| 650 | 0 | |a Naturaleza humana |9 308593 | |
| 650 | 0 | |a Filosofía inglesa |9 255676 | |
| 583 | |a last modification |c 20140731 15:45:00 |k Rodrigo Vera | ||
| 490 | 0 | |a Bibliotheque des Textes Philosophiques | |
| 999 | |c 356412 |d 356410 | ||
| 952 | |0 0 |1 0 |3 erb |4 0 |6 121_000000000000000_LOC_1974 |7 0 |8 A |9 463753 |a BIBART |b BIBART |i 5048982 |o 121 LOC 1974 |p 5048982 |r 2025-03-13 |w 2019-11-23 |y BK |z Catalogado en:20140731 |k ART | ||